JHARKHAND LAW JOURNAL REPORTS , 2019 [3] (Record no. 7361)

MARC details
000 -LEADER
fixed length control field 00303nam a22001217a 4500
005 - DATE AND TIME OF LATEST TRANSACTION
control field 20200620110627.0
008 - FIXED-LENGTH DATA ELEMENTS--GENERAL INFORMATION
fixed length control field 200620b xxu||||| |||| 00| 0 eng d
245 ## - TITLE STATEMENT
Title JHARKHAND LAW JOURNAL REPORTS , 2019 [3]
260 ## - PUBLICATION, DISTRIBUTION, ETC. (IMPRINT)
Place of publication PATNA
Name of publisher PLJR PUBLICATION
300 ## - PHYSICAL DESCRIPTION
Number of Pages 680;p
650 ## - SUBJECT ADDED ENTRY--TOPICAL TERM
Topical Term LAW
942 ## - ADDED ENTRY ELEMENTS (KOHA)
Koha item type Journals/Serial

No items available.